00499nam a2200193 a 4500001001300000003000900013005001700022008004100039020001000080082001600090100001900106245004500125260002800170300000900198500003500207505001500242650002900257700001900286nice12345678IN_TiNIC20260116012856.0050524s1917 agra grp 000 0 eng  ac10000a220.07bCRO aCrosthwaite, A aTaswiron Par Suwal Aur Jawab, Roman Urdu aAgrabC.M.S Pressc1917 a102p aincludes index and biblioraphy2 aRoman Urdu aBible-Study and Teaching1 aCrosthwaite, A